[Event "Asian Schools-ch U13 Girls 10th"]
[Site "Taichung"]
[Date "2014.08.26"]
[Round "6.4"]
[White "Hamda, Sarhan"]
[Black "Laasya, Cherukuri"]
[Result "1/2-1/2"]
[WhiteElo "1303"]
[BlackElo "1180"]
[PlyCount "40"]
[EventDate "2014.08.24"]
[EventType "swiss"]
[EventRounds "9"]
[EventCountry "TPE"]
[SourceTitle "EXT 2024"]
[Source "ChessBase"]
[SourceDate "2023.10.10"]
[SourceVersion "1"]
[SourceVersionDate "2023.10.10"]
[SourceQuality "1"]

1. d4 d5 2. e3 Nf6 3. Bd3 c6 4. Nf3 Nbd7 5. Nbd2 e6 6. b3 Be7 7. Bb2 a6 8. c4 0-0 9. 0-0 c5 10. Rc1 b6 11. Qe2 Bb7 12. Ne5 Rc8 13. cxd5 Nxd5 14. dxc5 Nxc5 15. Qg4 Nf6 16. Qe2 Nxd3 17. Nxd3 Qd5 18. Nf3 Rxc1 19. Rxc1 Rd8 20. Nf4 Qa5 1/2-1/2